| 000 | 01178cam a22002054a 4500 | ||
|---|---|---|---|
| 005 | 20250605164123.0 | ||
| 008 | 250528s ||||||||||||||||||||||||d | ||
| 035 | _a18344 | ||
| 020 | _a9603590711 | ||
| 040 |
_aGR-AtMCL _bgre _dGR-AtMCL _eAACR2 |
||
| 245 | 1 |
_aΕισαγωγή στην Οικονομετρική Ανάλυση. _nΤόμος Α |
|
| 260 |
_bΜπένου, _c2000 |
||
| 300 | _a228 | ||
| 520 | _aΠρόλογος, Έννοια και Σκοπός της Οικονομετρίας, Τυχαίες Μεταβλητές και Πιθανότητες, Θεωρητικές Κατανομές Τυχαίων Μεταβλητών, Κατανομές Δειγματοληψίας και Μέθοδοι Εκτίμησης Παραμέτρων, Έλεγχοι Υποθέσεων, Ανάλυση Συσχέτισης και Παλινδρόμησης, Απαντήσεις σε Προβλήματα με Ζυγό Αριθμό, Σχετική Βιβλιογραφία, Ευρετήριο. | ||
| 700 | 1 |
_aΑγιάκλογλου Χρήστος Ν _94617 |
|
| 700 | 1 |
_aΜπένος Θεοφάνης Ε _91641 |
|
| 942 | _cBK | ||
| 999 |
_c3707 _d3707 |
||